| 000 | 01083nam a2200301 a 4500 | ||
|---|---|---|---|
| 999 |
_c447064 _d447064 |
||
| 003 | BLK | ||
| 005 | 20230628122500.0 | ||
| 008 | 220304b bul rap|r|||| r0| ||bulo| | ||
| 010 | _aKNG00036472000 | ||
| 040 | _aBLK | ||
| 041 |
_aBUL _cBUL _hENG |
||
| 080 |
_aАрхитектура на обществени, търговски и промишлени сгради _b725 _x.004.67(497.215)(062) _z725.004.67(497.215)(062) |
||
| 139 | _bП 90 | ||
| 245 | 1 | 0 |
_aПрограма Красива България в Русе 1998-2201 _h[Малотир. изд.] |
| 246 | 1 | 1 | _aBeautiful Bulgaria programme in Rousse |
| 257 | _aBGR | ||
| 260 |
_aРусе _bОбщина Русе _c1998 _9213638 |
||
| 300 |
_a12 с. _bс цв. ил. _c21 см |
||
| 380 | _a7 | ||
| 650 | 4 |
_aАрхитектурни паметници - България _9252815 |
|
| 653 | 7 |
_aРусе _9195843 |
|
| 653 | _aархитектурни паметници | ||
| 852 |
_bК _cК 7/П 90 |
||
| 856 | 4 |
_qpdf _u |
|
| 856 | 4 |
_qpdf _u |
|
| 942 |
_cKNG _n0 _s1 _01 |
||
| 944 |
_aCR _c2022-03-04 _kА.М. |
||